MARC details
| 000 -CABECERA |
| campo de control de longitud fija |
01892nam a22002657a 4500 |
| 003 - IDENTIFICADOR DEL NÚMERO DE CONTROL |
| campo de control |
OSt |
| 005 - FECHA Y HORA DE LA ÚLTIMA TRANSACCIÓN |
| campo de control |
20260511175957.0 |
| 008 - DATOS DE LONGITUD FIJA--INFORMACIÓN GENERAL |
| campo de control de longitud fija |
260428b |||||||| |||| 00| 0 eng d |
| 022 ## - NÚMERO INTERNACIONAL NORMALIZADO PARA PUBLICACIONES SERIADAS |
| Número Internacional Normalizado para Publicaciones Seriadas |
0148-2963 |
| 022 ## - NÚMERO INTERNACIONAL NORMALIZADO PARA PUBLICACIONES SERIADAS |
| Número Internacional Normalizado para Publicaciones Seriadas |
1873-7978 |
| 040 ## - FUENTE DE LA CATALOGACIÓN |
| Centro catalogador/agencia de origen |
TBS |
| Lengua de catalogación |
EN |
| Centro/agencia transcriptor |
TBS |
| 041 ## - CÓDIGO DE LENGUA |
| Código de lengua del texto/banda sonora o título independiente |
eng |
| 100 ## - ENTRADA PRINCIPAL--NOMBRE DE PERSONA |
| Nombre de persona |
Liden, Robert C. |
| 9 (RLIN) |
26960 |
| Término indicativo de función/relación |
author |
| 245 ## - MENCIÓN DE TÍTULO |
| Título |
The evolution of leadership |
| Resto del título |
: past insights, present trends, and future directions |
| Mención de responsabilidad, etc. |
/ Robert C. Liden, Xing Wang, Yue Wang |
| 260 ## - PUBLICACIÓN, DISTRIBUCIÓN, ETC. |
| Nombre del editor, distribuidor, etc. |
Journal of Business Research, |
| Fecha de publicación, distribución, etc. |
2025 |
| 300 ## - DESCRIPCIÓN FÍSICA |
| Extensión |
115036-115036 pages. |
| 490 ## - MENCIÓN DE SERIE |
| Mención de serie |
Journal of Business Research |
| Designación de volumen o secuencia |
vol.186 |
| 505 ## - NOTA DE CONTENIDO CON FORMATO |
| Nota de contenido con formato |
We first review leadership research that has been dominant before and after the Journal of Business Research was established fifty-one years ago, along with a discussion of those approaches that have continued to attract research attention. Next, we discuss moral approaches to leadership, including authentic, ethical, and servant leadership. We address criticism of these and other approaches, especially concerns about the way leadership styles are measured. Furthermore, we provide coverage of current trends in leadership research, such as studying the dark side of seeming positive leadership approaches, examinations of the importance of followership in the study of leadership, as well as research that explores the effects of leadership from a leader-centric perspective. Finally, we offer directions for future leadership research, such as integrating leader power and authority with leadership approaches and developing ways of addressing criticism that has been leveled against leadership research. |
| 630 #0 - PUNTO DE ACCESO ADICIONAL DE MATERIA--TÍTULO UNIFORME |
| Título uniforme |
B2 PBT Regenerative Leadership (BiM) |
| 9 (RLIN) |
26902 |
| 650 #0 - PUNTO DE ACCESO ADICIONAL DE MATERIA--TÉRMINO DE MATERIA |
| Término de materia o nombre geográfico como elemento de entrada |
Followership |
| 9 (RLIN) |
26959 |
| 700 ## - ENTRADA AGREGADA--NOMBRE PERSONAL |
| Nombre de persona |
Wang, Xing |
| 9 (RLIN) |
26961 |
| Término indicativo de función/relación |
author |
| 700 ## - ENTRADA AGREGADA--NOMBRE PERSONAL |
| Nombre de persona |
Wang, Yue |
| 9 (RLIN) |
26962 |
| Término indicativo de función/relación |
author |
| 856 ## - LOCALIZACIÓN Y ACCESO ELECTRÓNICOS |
| Identificador Uniforme del Recurso |
<a href="https://doi-org.hub.tbs-education.fr/10.1016/j.jbusres.2024.115036">https://doi-org.hub.tbs-education.fr/10.1016/j.jbusres.2024.115036</a> |
| 942 ## - ELEMENTOS DE ENTRADA AGREGADA (KOHA) |
| Fuente del sistema de clasificación o colocación |
Clasificación de Library of Congress |